| 000 | 00610nam a22002417a 4500 | ||
|---|---|---|---|
| 001 | 0011790 | ||
| 003 | DO-SdBNP | ||
| 005 | 20231121113615.0 | ||
| 007 | 0011790 | ||
| 008 | 161118bxxu sp|| 00| 0 spa d | ||
| 020 | _a9788430571253 | ||
| 040 |
_aBPMSU _bspa _cBPMSU |
||
| 082 | 4 |
_a823 _bA398 _222 |
|
| 245 | 0 | 0 | _aAlicia |
| 260 |
_aMadrid : _bEdiciones Susaeta, _c[199-?] |
||
| 300 |
_a16 p. : _bil.,; _c30 cm. |
||
| 490 | 0 | _aArlequín | |
| 590 | _aInventariado, 2023/VM | ||
| 650 | 4 | _aCuentos infantiles ingleses | |
| 830 | 0 | _a | |
| 910 | _aBTAVÁREZ/VMateo V. Control de calidad. BPMSU | ||
| 942 |
_2ddc _cBK |
||
| 999 |
_c12003 _d12003 |
||